000 00343 a2200169 4500
001 192139
020 _a978-85-322-9249-0
040 _cMagnum
100 _aSilveira, Maria José
240 1 0 _aEntre rios
_lpor
245 1 0 _aEntre rios
300 _a151
362 0 _a2014
440 1 _aFTD
697 _aLITERATURA GERAL
942 _cBK
999 _c192139
_d192139